000 00533nam a2200181Ia 4500
008 090123s9999 xx 000 0 und d
082 _b11232
100 _aकुलकर्णी दिलिप
245 _aनिसर्गायण
250 _a1
260 _bराजहंस
_c1986
300 _a168
600 _aकुलकर्णी दिलिप
630 _aनिसर्गायण
700 _aकुलकर्णी दिलिप
730 _aनिसर्गायण
942 _cBOOK
999 _c49295
_d49295